Villes du Centre-Val de Loire en images - Statistiques

Statistiques générales
  • Ce quiz a été pris 24 fois
  • Le résultat moyen est 13 sur 18
Statistiques - réponses
Par images Hint Réponse % Correct
C Chambord
100%
O Orléans
100%
B Blois
95%
C Chartres
95%
T Tours
95%
B Bourges
91%
A Amboise
86%
C Chenonceaux
82%
C Châteauroux
77%
I Issoudun
73%
V Vendôme
73%
V Vierzon
73%
D Dreux
64%
C Chinon
59%
C Cheverny
50%
G Gien
50%
L Loches
45%
C Châteaudun
23%
Aucun quiz correspondant
Distribution des résultats
% des personnes avec chaque résultat
Percentile par nombre de réponses
Votre historique - résultats
Vous n’avez pas pris ce quiz